| 000 | 00739cam a2200253 4500 | ||
|---|---|---|---|
| 008 | 090401t1998 xxu||||| |||| 00| 0 eng d | ||
| 020 | _a1860812112 | ||
| 035 | _a(Sirsi) u86225 | ||
| 041 | _aeng | ||
| 050 | _a693.1 | ||
| 110 | _aBuilding Research Establishment | ||
| 245 | _aExternal cladding : how to determine the thickness of natural stone panels. | ||
| 260 |
_aLondon _bConstruction Research Communications Ltd _c1998 |
||
| 300 | _a6p. : ill. ; 30cm. | ||
| 350 | _a0 | ||
| 490 |
_aBRE Information Paper _vIP 7/98 |
||
| 650 | _aSTONE CLADDING | ||
| 690 | _aBUILT ENVIRONMENT-BUILDING MATERIALS | ||
| 700 | _aYates, T.J.S. | ||
| 700 | _aMatthews, S. | ||
| 700 | _aChakrabarti, B. | ||
| 942 | _n0 | ||
| 948 | _c15/05/1998 | ||
| 999 |
_c97122 _d97122 |
||